000 00634nam a2200205Ia 4500
005 20250923145346.0
008 008 250917s9999 xx 000 0 eng d
037 _aTextual
040 _aDSWL
_beng
_cDSWL
041 _aeng
_2eng
084 _aY592N:1:7.212'N08 <--N47, N76
_qDSWL
100 _aJeffrey, Robin
_9834458
245 4 _aThe Decline of Nayar Dominance
_c by Robin Jeffrey
260 _aNew Delhi
_b Vikas Pub. House P. Ltd.
_c1976
300 _axxi,376p.
365 _aINR
_b135 . 0
925 _g135 . 0
942 _cTEXL
_hY592N:1:7.212'N08 <--N47, N76
999 _c1450420
_d1450420